Theory and problems of strenth of Mareial 3 rd/Ed (Record no. 306478)

000 -LEADER
fixed length control field 00313 a2200133 4500
001 - CONTROL NUMBER
control field 71405
082 ## - DEWEY DECIMAL CLASSIFICATION NUMBER
Classification number 620.112 NAS
090 ## - LOCALLY ASSIGNED LC-TYPE CALL NUMBER (OCLC); LOCAL CALL NUMBER (RLIN)
-- 38760
-- 38760
100 ## - MAIN ENTRY--PERSONAL NAME
Personal name Nash W.A
245 ## - TITLE STATEMENT
Title Theory and problems of strenth of Mareial 3 rd/Ed
Statement of responsibility, etc. Nash,W.A
250 ## - EDITION STATEMENT
Edition statement 3rd
260 ## - PUBLICATION, DISTRIBUTION, ETC.
Name of publisher, distributor, etc. McGraw Hill
Date of publication, distribution, etc. 1994
300 ## - PHYSICAL DESCRIPTION
Extent 423
942 ## - ADDED ENTRY ELEMENTS (KOHA)
Institution code [OBSOLETE] CAENUST
Call number prefix 620.112 NAS
Holdings
Withdrawn status Lost status Damaged status Not for loan Collection code Permanent Location Current Location Date acquired Total Checkouts Full call number Barcode Date last seen Price effective from Koha item type
          College of Aeronautical Engineering (CAE) College of Aeronautical Engineering (CAE) 04/03/2017   620.112 NAS CAE63530 04/05/2017 04/05/2017 Book
© 2023 Central Library, National University of Sciences and Technology. All Rights Reserved.